Empresas simuladas y microemprendimientos didácticos : dos propuestas para el estudio de las gestión de las organizaciones en la escuela media y polimodal /

Guardado en:
Autor Principal: Tasca, Eduardo Luis
Formato: Libro
Publicado: Buenos Aires : Macchi
Materias:
Etiquetas: Agregar Etiqueta
Sin Etiquetas, Sea el primero en etiquetar este registro!
LEADER 00932nam a22002295a 4500
001 CEM.cems011773
005 20070629182546.0
008 130507b######################000#0#####d
003 CEMS
020 |a 9505375085 
082 0 4 |a 372.8657 
100 1 |a Tasca, Eduardo Luis 
245 1 0 |a Empresas simuladas y microemprendimientos didácticos :  |b dos propuestas para el estudio de las gestión de las organizaciones en la escuela media y polimodal /  |c Eduardo Luis Tasca 
260 |a Buenos Aires :  |b Macchi 
300 |a 101 p. 
500 |a Incluye una introducción a la metodología del proceso de enseñanza y aprendizaje de la gestión de las organizaciones en la Escuela Media y Polimodal 
653 |a Educación 
653 |a Organizaciones 
653 |a Administración de empresas 
653 |a Empresas simuladas 
653 |a Didáctica dela administración 
859 |a CEMS  |b BIB. CEMS - 11 de abril  |h 372.8657  |i T181-1  |p 22807.05  |t Ej.1